[Event "N4 E.Aubois 1 / La tour du roi 1"]
[Site "?"]
[Date "2012.03.25"]
[Round "6"]
[White "Louis, Andre"]
[Black "Hascher, Nicolas"]
[Result "0-1"]
[WhiteElo "1754"]
[BlackElo "1953"]
[PlyCount "104"]
[EventDate "2012.02.05"]
[SourceDate "2012.03.25"]

1. e4 c5 2. Nf3 d6 3. d4 cxd4 4. Nxd4 Nf6 5. Nc3 a6 6. Bg5 e6 7. Be2 Be7 8. Qd2
b5 9. a3 Bb7 10. Bf3 Qc7 11. O-O h6 12. Be3 Nbd7 13. Nb3 Ne5 14. Qe2 O-O 15.
Rad1 Nxf3+ 16. gxf3 d5 17. exd5 Nxd5 18. Nxd5 Bxd5 19. Nd4 Bg5 20. b3 Rac8 21.
Rd2 Bf4 22. Bxf4 Qxf4 23. Qe3 e5 24. Qxf4 exf4 25. Kg2 Ba8 26. Re1 Rc3 27. Red1
g5 28. Rd3 Rfc8 29. Kf1 R3c5 30. Re1 a5 31. Ke2 b4 32. axb4 axb4 33. Ra1 Kh7
34. Ra4 Rb8 35. Ra7 Kg6 36. Rd1 Re8+ 37. Kf1 Rd8 38. Ra6+ Kh5 39. Rb6 Bxf3 40.
Rd3 Rxc2 41. Rxf3 Rxd4 42. Rh3+ Kg4 43. Rbxh6 Rdd2 44. f3+ Kf5 45. Ke1 Rg2 46.
Kf1 Rgd2 47. Ke1 Ra2 48. Rc6 Rdb2 49. Rc5+ Kg6 50. Rc6+ f6 51. Rc1 Rxb3 52. Kd1
Rg2 0-1

[Event "N4 E.Aubois 1 / La tour du roi 1"]
[Site "?"]
[Date "2012.03.25"]
[Round "6"]
[White "Dhieux, Francky"]
[Black "Halfaoui, Eddine"]
[Result "0-1"]
[WhiteElo "2034"]
[BlackElo "1887"]
[PlyCount "66"]
[EventDate "2012.02.05"]
[SourceDate "2012.03.25"]

1. e4 c6 2. d4 d5 3. Nd2 dxe4 4. Nxe4 Bf5 5. Ng3 Bg6 6. Nf3 Nf6 7. h4 h6 8. h5
Bh7 9. Bd3 Bxd3 10. Qxd3 e6 11. Bf4 Be7 12. O-O-O O-O 13. Kb1 Nbd7 14. c4 b5
15. cxb5 cxb5 16. Qxb5 Nd5 17. Ne2 Nxf4 18. Nxf4 Rb8 19. Qa6 Qc7 20. Nd3 Rb6
21. Qa4 Rfb8 22. Rd2 Qb7 23. Rc1 Bd6 24. Rcc2 Rb5 25. d5 Rxd5 26. Qc6 Qxc6 27.
Rxc6 Nf6 28. Ra6 Ne4 29. Kc2 Nxd2 30. Kxd2 e5 31. Ke3 f5 32. Nh4 f4+ 33. Ke2 e4
0-1

[Event "N4 E.Aubois 1 / La tour du roi 1"]
[Site "?"]
[Date "2012.03.25"]
[Round "6"]
[White "Fauchart, François"]
[Black "Ferrand, Christophe"]
[Result "0-1"]
[WhiteElo "1654"]
[BlackElo "1870"]
[PlyCount "90"]
[EventDate "2012.02.05"]
[SourceDate "2012.03.25"]

1. d4 Nf6 2. Nf3 e6 3. Bf4 b6 4. e3 Bb7 5. Nbd2 Be7 6. Be2 O-O 7. O-O Nd5 8.
Bg3 f5 9. c4 Nf6 10. h3 d6 11. a3 a5 12. Ng5 Qd7 13. Rc1 h6 14. Ngf3 Na6 15.
Nh4 Qe8 16. Qc2 g5 17. Nhf3 Qg6 18. Rfe1 Kg7 19. c5 bxc5 20. Bxa6 Bxa6 21. dxc5
Rfc8 22. Qb3 Ne4 23. Nxe4 fxe4 24. Nd4 d5 25. Qc3 Kh7 26. Be5 Bc4 27. b3 Bd3
28. Nc6 Qf7 29. f3 a4 30. fxe4 dxe4 31. b4 Rf8 32. Qd2 Bf6 33. Qf2 Qg7 34. Qg3
Bb5 35. Bxf6 Rxf6 36. Nd4 Bd3 37. Qg4 Qf7 38. h4 gxh4 39. Qxh4 Rg8 40. Kh2 Rf2
41. Rg1 Rg5 42. Qxg5 hxg5 43. Kg3 Ra2 44. Rh1+ Kg6 45. Rce1 Qf2+ 0-1

[Event "N4 E.Aubois 1 / La tour du roi 1"]
[Site "?"]
[Date "2012.03.25"]
[Round "6"]
[White "Moine, Patrick"]
[Black "Mondeel, Paul"]
[Result "1-0"]
[WhiteElo "1862"]
[BlackElo "1527"]
[PlyCount "57"]
[EventDate "2012.02.05"]
[SourceDate "2012.03.25"]

1. d4 Nf6 2. c4 g6 3. Nc3 Bg7 4. Nf3 d6 5. h3 O-O 6. Bg5 b6 7. e4 Bb7 8. d5
Nbd7 9. Bd3 c6 10. O-O cxd5 11. exd5 a6 12. Rc1 b5 13. cxb5 axb5 14. Bxb5 Nb6
15. Bc6 Bxc6 16. dxc6 Rc8 17. Nb5 Ne4 18. Be3 Na8 19. Qc2 Qa5 20. a4 Nf6 21.
Rfd1 Ne8 22. Bg5 f6 23. Bd2 Qb6 24. Be3 Qa5 25. Nfd4 Nec7 26. b3 Kh8 27. Qd3
Nd5 28. Bd2 Qd8 29. Ne6 1-0

[Event "N4 E.Aubois 1 / La tour du roi 1"]
[Site "?"]
[Date "2012.03.25"]
[Round "6"]
[White "Roussel, jean-Marc"]
[Black "Kourane, Adel"]
[Result "1-0"]
[WhiteElo "1601"]
[BlackElo "1099"]
[PlyCount "117"]
[EventDate "2012.02.05"]
[SourceDate "2012.03.25"]

1. d4 d5 2. Nf3 Nc6 3. e3 e6 4. c4 Nf6 5. Nc3 Bb4 6. Qc2 O-O 7. Bd2 Bxc3 8.
Bxc3 dxc4 9. Bxc4 Nd5 10. Bxd5 exd5 11. O-O Ne7 12. Bb4 Re8 13. Rac1 Bf5 14.
Qxc7 Qxc7 15. Rxc7 Nc6 16. Rxb7 Nxb4 17. Rxb4 Bg4 18. Ne5 h5 19. h3 f6 20. Nxg4
hxg4 21. hxg4 Rab8 22. Rxb8 Rxb8 23. b3 g6 24. Rc1 f5 25. gxf5 gxf5 26. Rc5 Rd8
27. Rc7 Ra8 28. Rd7 Rf8 29. Rxd5 f4 30. e4 Re8 31. e5 Rf8 32. f3 Rc8 33. Rc5
Rxc5 34. dxc5 Kf7 35. c6 Ke8 36. c7 Kd7 37. Kf2 Kxc7 38. g3 fxg3+ 39. Kxg3 Kd7
40. Kf4 a5 41. Ke4 Kc6 42. Kd4 Kb5 43. a3 a4 44. b4 Kc6 45. f4 Kd7 46. f5 Ke7
47. Kc5 Kf7 48. b5 Kg7 49. b6 Kh6 50. b7 Kg5 51. f6 Kf5 52. Kd5 Kg6 53. b8=Q
Kf5 54. f7 Kf4 55. f8=Q+ Ke3 56. Qb6+ Kd3 57. Qf3+ Kc2 58. Qbf2+ Kb1 59. Qh1#
1-0

[Event "N4 E.Aubois 1 / La tour du roi 1"]
[Site "?"]
[Date "2012.03.25"]
[Round "6"]
[White "Calaresu, Tony"]
[Black "Brun, Franck"]
[Result "0-1"]
[WhiteElo "1009"]
[BlackElo "1792"]
[PlyCount "64"]
[EventDate "2012.02.05"]
[SourceDate "2012.03.25"]

1. d4 g6 2. Nf3 Bg7 3. g3 Nf6 4. Bg2 d6 5. O-O O-O 6. c4 c6 7. Nc3 c5 8. d5 Bf5
9. Bf4 Nbd7 10. Ng5 Re8 11. Bf3 h6 12. g4 hxg5 13. Bxg5 Bxg4 14. Bxf6 Nxf6 15.
e3 Bxf3 16. Qxf3 Qd7 17. Rad1 Kh7 18. e4 Rh8 19. Qf4 Kg8 20. e5 dxe5 21. Qxe5
Qh3 22. Rfe1 Rh4 23. Qg3 Rg4 24. b3 Rxg3+ 25. fxg3 e6 26. Rd2 Rd8 27. a3 Ng4
28. Ree2 Bxc3 29. Rc2 Bd4+ 30. Rf2 Qxh2+ 31. Kf1 Nxf2 32. Rxf2 Qxf2# 0-1

[Event "N4 E.Aubois 1 / La tour du roi 1"]
[Site "?"]
[Date "2012.03.25"]
[Round "6"]
[White "Guyot, Philippe"]
[Black "Hacene, Amed"]
[Result "1-0"]
[WhiteElo "1976"]
[BlackElo "1777"]
[PlyCount "119"]
[EventDate "2012.02.05"]
[SourceDate "2012.03.25"]

1. d4 e6 2. Nf3 d5 3. e3 Nf6 4. Bd3 c5 5. b3 Nc6 6. Bb2 cxd4 7. exd4 Be7 8.
Nbd2 Bd7 9. O-O Rc8 10. a3 O-O 11. Ne5 a6 12. Re1 Bd6 13. Rc1 Ne7 14. c4 Ng6
15. c5 Bb8 16. b4 Nf4 17. Bb1 Bb5 18. Qf3 Ng6 19. g3 Bxe5 20. dxe5 Nd7 21. Qe3
Re8 22. h4 Ngf8 23. h5 f6 24. h6 g6 25. exf6 Kf7 26. Nf3 Nxf6 27. Ne5+ Kg8 28.
Qd4 N8d7 29. Nxd7 Bxd7 30. Qxf6 Qxf6 31. Bxf6 Kf7 32. Bg7 Re7 33. Rc3 Kg8 34.
Rce3 Rce8 35. f4 Rf7 36. Ba2 Rf5 37. Re5 Rc8 38. Rxf5 gxf5 39. Kf2 a5 40. Ke3
axb4 41. axb4 Ra8 42. Re2 Ra3+ 43. Kf2 Kf7 44. Rb2 Bb5 45. Bb3 Bc6 46. Bd1 d4
47. Bb3 d3 48. Ke3 Be4 49. g4 d2 50. Kxd2 fxg4 51. Bc2 Bd5 52. Bxh7 g3 53. Bd4
g2 54. Bd3 Ra1 55. Bb1 Ra8 56. h7 Ke7 57. Ke1 Rf8 58. Rxg2 Bxg2 59. h8=Q Rxh8
60. Bxh8 1-0

[Event "Chaumont / Ech Aubois 2"]
[Site "?"]
[Date "2012.03.25"]
[Round "6"]
[White "Da Costa, Manuel"]
[Black "Tassetti, Florent"]
[Result "1/2-1/2"]
[WhiteElo "1894"]
[BlackElo "1708"]
[PlyCount "45"]
[EventDate "2012.03.25"]
[SourceDate "2012.03.25"]

1. b3 d5 2. Nf3 Nf6 3. Bb2 c5 4. e3 Nc6 5. Be2 Bf5 6. d3 Qc7 7. Nbd2 Rd8 8. a3
e5 9. Nf1 Be7 10. Ng3 Bg6 11. Qc1 O-O 12. Nh4 Qa5+ 13. c3 e4 14. Nxg6 fxg6 15.
O-O Bd6 16. dxe4 Bxg3 17. hxg3 Nxe4 18. b4 Qc7 19. Qc2 c4 20. Bxc4 Qe5 21. Bd3
Nxg3 22. fxg3 Qxe3+ 23. Kh1 1/2-1/2

[Event "Chaumont / Ech Aubois 2"]
[Site "Chaumont"]
[Date "2012.03.25"]
[Round "6"]
[White "Péladé, Thierry"]
[Black "Kerlau, Gildas"]
[Result "0-1"]
[WhiteElo "1614"]
[BlackElo "1785"]
[PlyCount "112"]
[EventDate "2010.10.24"]
[EventType "team"]
[SourceDate "2012.03.25"]
[WhiteTeam "Troyes 2"]
[BlackTeam "Chaumont"]

1. e4 d6 2. f4 Nf6 3. e5 dxe5 4. fxe5 Nfd7 5. Nf3 e6 6. d4 c5 7. d5 exd5 8.
Qxd5 Be7 9. Bc4 O-O 10. e6 fxe6 11. Qxe6+ Kh8 12. Bd3 Nf6 13. Qc4 Qd5 14. Nc3
Qe6+ 15. Qxe6 Bxe6 16. Bg5 Nc6 17. a3 a6 18. b3 h6 19. Bh4 g5 20. Bxg5 hxg5 21.
Nxg5 Bg8 22. h4 Nh5 23. Ne2 Nf4 24. Nxf4 Rxf4 25. g3 Rff8 26. Kd2 Rad8 27. Kc1
Bf6 28. Rb1 Bd4 29. Bc4 Be3+ 30. Kb2 Bxc4 31. bxc4 Bxg5 32. hxg5+ Kg7 33. Ka2
Rd7 34. Rh6 Rh8 35. Rbh1 Rxh6 36. gxh6+ Kg6 37. g4 Rh7 38. Rh5 Rxh6 39. Rxc5
Rh4 40. Rd5 Rxg4 41. Kb3 Rd4 42. a4 a5 43. c3 Rxd5 44. cxd5 Ne5 45. c4 Nd7 46.
Kc3 b6 47. Kd4 Kf5 48. Ke3 Ke5 49. Kd3 Nc5+ 50. Kc3 Nxa4+ 51. Kb3 Nc5+ 52. Kc3
Ke4 53. Kb2 Kd4 54. d6 Kxc4 55. Ka3 b5 56. Ka2 Kd5 0-1

[Event "Chaumont / Ech Aubois 2"]
[Site "?"]
[Date "2012.03.25"]
[Round "6"]
[White "Masera, Michel"]
[Black "Guérin, Vincent"]
[Result "1-0"]
[WhiteElo "1858"]
[BlackElo "1680"]
[PlyCount "147"]
[EventDate "2009.04.11"]
[SourceDate "2012.03.25"]

1. d4 Nf6 2. c4 c5 3. d5 d6 4. Nc3 g6 5. e4 Bg7 6. h3 O-O 7. Nf3 a6 8. a4 b6 9.
Bd3 Re8 10. O-O Bb7 11. Bg5 Qc7 12. Bf4 Nh5 13. Bh2 Nd7 14. g4 Nhf6 15. Re1 Ne5
16. Nxe5 dxe5 17. Qd2 Qc8 18. Be2 Nd7 19. Rf1 Rd8 20. g5 Nf8 21. Bg4 Qc7 22. f4
exf4 23. Bxf4 Bd4+ 24. Kg2 Be5 25. Bxe5 Qxe5 26. Qf2 Qg7 27. Qf4 Bc8 28. Rf2
Bxg4 29. Qxg4 Nd7 30. Qg3 Ne5 31. b3 Rf8 32. Raf1 Rad8 33. h4 Rde8 34. Ne2 Nd7
35. Nf4 Qe5 36. Qf3 Qg7 37. Nd3 Ne5 38. Qg3 Nxd3 39. Qxd3 Qe5 40. Rf3 Qb2+ 41.
R1f2 Qg7 42. Qe2 Qe5 43. Rf4 Rd8 44. Qf3 Qg7 45. Qg3 Qe5 46. Rg4 Qxg3+ 47. Rxg3
Rb8 48. e5 Kg7 49. Rgf3 Rbd8 50. Kf1 Rde8 51. Ke2 f6 52. gxf6+ exf6 53. e6 f5
54. Ke3 Kf6 55. h5 Ke5 56. hxg6 hxg6 57. Rg2 Rg8 58. Kd3 Kd6 59. Rfg3 Rh8 60.
Rxg6 Rh3+ 61. R2g3 Rxg3+ 62. Rxg3 Rh8 63. Ke3 Rh4 64. Kf2 Rh2+ 65. Rg2 Rh3 66.
Rg3 Rh2+ 67. Kf3 Rh4 68. Rg5 Ke5 69. Rg8 Rh3+ 70. Kg2 Rh7 71. Rb8 f4 72. Rxb6
Rg7+ 73. Kf2 Ke4 74. e7 1-0

[Event "Chaumont / Ech Aubois 2"]
[Site "?"]
[Date "2012.03.25"]
[Round "6"]
[White "Guyot, Jason"]
[Black "Parisot, Anthony"]
[Result "1-0"]
[WhiteElo "1590"]
[BlackElo "1690"]
[PlyCount "73"]
[EventDate "2009.04.11"]
[SourceDate "2012.03.25"]

1. e4 c5 2. c3 d5 3. exd5 Qxd5 4. d4 Nf6 5. Nf3 e6 6. c4 Qd8 7. Nc3 Be7 8. Be2
O-O 9. O-O b6 10. dxc5 Bxc5 11. Bg5 Nbd7 12. a3 Bb7 13. b4 Be7 14. Nb5 h6 15.
Bh4 g5 16. Bg3 Ne4 17. Bd6 a6 18. Bxe7 Qxe7 19. Nbd4 Nc3 20. Qd3 Nxe2+ 21. Qxe2
Rfd8 22. Rfd1 Rac8 23. Rac1 Nf8 24. Ne5 Qf6 25. Ndf3 Ng6 26. Rxd8+ Rxd8 27.
Nxg6 Qxg6 28. h3 Qd3 29. Qxd3 Rxd3 30. Ne5 Rxa3 31. Rd1 Be4 32. Rd6 Kg7 33.
Rxb6 Rb3 34. Rxa6 Rxb4 35. Ra7 Bg6 36. Kh2 Kf6 37. Ng4+ 1-0

[Event "Chaumont / Ech Aubois 2"]
[Site "?"]
[Date "2012.03.25"]
[Round "6"]
[White "Voguet, Francois"]
[Black "Kreilos, Jérémie"]
[Result "0-1"]
[WhiteElo "1745"]
[BlackElo "1440"]
[PlyCount "54"]
[EventDate "2009.04.11"]
[SourceDate "2012.03.25"]

1. e4 d5 2. exd5 Qxd5 3. Nc3 Qa5 4. d4 Nf6 5. Bd2 Bf5 6. Nf3 Bg4 7. Be2 e6 8.
O-O Nbd7 9. a3 O-O-O 10. Nb5 Qb6 11. c4 Kb8 12. Be3 a6 13. c5 Qc6 14. Nc3 Nxc5
15. b4 Nce4 16. Nxe4 Qxe4 17. Rc1 Nd5 18. Ng5 Qg6 19. Bxg4 Nxe3 20. fxe3 Qxg5
21. Rxf7 Bd6 22. Qf3 Rdf8 23. Rxf8+ Rxf8 24. Qe4 Qh4 25. g3 Bxg3 26. hxg3 Qxg3+
27. Kh1 Rf2 0-1

[Event "Epernay/ Rethel"]
[Site "?"]
[Date "2012.03.25"]
[Round "6"]
[White "Defrance, Laurent"]
[Black "Bardoux, Thierry"]
[Result "1/2-1/2"]
[WhiteElo "2129"]
[BlackElo "2158"]
[PlyCount "26"]
[EventDate "2009.04.11"]
[SourceDate "2012.03.25"]

1. d4 Nf6 2. Nf3 g6 3. c4 Bg7 4. g3 d6 5. Bg2 O-O 6. O-O Nc6 7. Nc3 a6 8. h3
Rb8 9. Be3 e5 10. dxe5 dxe5 11. Qxd8 Rxd8 12. Rfd1 Be6 13. b3 h6 1/2-1/2

[Event "Epernay/Rethel"]
[Site "?"]
[Date "2012.03.25"]
[Round "6"]
[White "Vedovotto, Nicolas"]
[Black "Durant, Christophe"]
[Result "1-0"]
[WhiteElo "2080"]
[BlackElo "1945"]
[PlyCount "53"]
[EventDate "2009.04.11"]
[SourceDate "2012.03.25"]

1. Nc3 d5 2. e4 dxe4 3. Nxe4 Nf6 4. Ng3 e5 5. Bc4 Bc5 6. d3 O-O 7. Nf3 e4 8.
Nxe4 Nxe4 9. dxe4 Qxd1+ 10. Kxd1 Nc6 11. Be3 Bxe3 12. fxe3 Bg4 13. Ke2 Na5 14.
Bd3 c5 15. c3 c4 16. Bc2 b5 17. h3 Bh5 18. Rhd1 Rad8 19. a4 Rb8 20. Rd5 Bg6 21.
axb5 Nb3 22. Rxa7 Nc1+ 23. Kd2 Nd3 24. Bxd3 cxd3 25. Kxd3 f6 26. Nd4 Rfe8 27.
Nf5 1-0

[Event "Epernay/Rethel"]
[Site "?"]
[Date "2012.03.25"]
[Round "6"]
[White "Crépaux, Jean-Marie"]
[Black "Meunier, Samuel"]
[Result "1/2-1/2"]
[WhiteElo "1853"]
[BlackElo "1920"]
[PlyCount "54"]
[EventDate "2009.04.11"]
[SourceDate "2012.03.25"]

1. e4 c5 2. Nf3 d6 3. d4 cxd4 4. Nxd4 Nf6 5. Nc3 a6 6. Be2 e6 7. O-O Be7 8. Kh1
O-O 9. Be3 b5 10. a3 Bb7 11. Bd3 Nbd7 12. f4 Qc7 13. Qf3 Nb6 14. Qh3 Nc4 15.
Bc1 g6 16. Nf3 Rfd8 17. f5 e5 18. fxg6 hxg6 19. Ng5 Qd7 20. Qh6 Bf8 21. Qh4 Bg7
22. Nd5 Bxd5 23. exd5 Rac8 24. b3 Nb6 25. c4 bxc4 26. bxc4 e4 27. Bb2 Qe7
1/2-1/2

[Event "Epernay/Rethel"]
[Site "?"]
[Date "2012.03.25"]
[Round "6"]
[White "Biniaux, Mickael"]
[Black "Tatard, Marie"]
[Result "1/2-1/2"]
[WhiteElo "1735"]
[BlackElo "1864"]
[PlyCount "62"]
[EventDate "2009.04.11"]
[SourceDate "2012.03.25"]

1. d4 Nf6 2. e3 g6 3. Bd3 Bg7 4. Nd2 O-O 5. c3 d5 6. f4 Nc6 7. Ngf3 Bg4 8. O-O
Qd7 9. Qc2 Qc8 10. Ne5 Nxe5 11. fxe5 Nh5 12. b3 f6 13. Bxg6 fxe5 14. Bxh7+ Kh8
15. Rxf8+ Qxf8 16. dxe5 Bxe5 17. Bb2 Qh6 18. Bd3 Qxe3+ 19. Kh1 Nf4 20. Bf5 Be2
21. c4 d4 22. Qe4 Qxe4 23. Bxe4 c5 24. Re1 Bf6 25. Nf3 Bxf3 26. gxf3 e5 27. Bf5
a5 28. Rg1 a4 29. b4 a3 30. Bc1 Ne2 31. Rg6 Nxc1 1/2-1/2

[Event "Epernay/Rethel"]
[Site "?"]
[Date "2012.03.25"]
[Round "6"]
[White "Puech, Armel"]
[Black "Lhoest, Alain"]
[Result "1/2-1/2"]
[WhiteElo "1789"]
[BlackElo "1698"]
[PlyCount "66"]
[EventDate "2009.04.11"]
[SourceDate "2012.03.25"]

1. e4 c5 2. Nc3 d6 3. g3 Nc6 4. Bg2 g6 5. d3 Bg7 6. Nge2 e6 7. Be3 Nge7 8. Qd2
O-O 9. Bh6 Rb8 10. Bxg7 Kxg7 11. h4 d5 12. h5 Rh8 13. h6+ Kf8 14. exd5 exd5 15.
d4 Be6 16. dxc5 d4 17. Nb5 Bd5 18. f3 Nf5 19. Kf2 Qf6 20. Nf4 Bc4 21. Na3 Ba6
22. Nd5 Qd8 23. f4 Nce7 24. Nb4 Qa5 25. Rad1 Qxc5 26. Nd3 Bxd3 27. Qxd3 Nd5 28.
Bxd5 Qxd5 29. Nb5 Rd8 30. Qa3+ Kg8 31. Qa4 Qc6 32. Nc3 Qxa4 33. Nxa4 f6 1/2-1/2

[Event "Epernay/Rethel"]
[Site "?"]
[Date "2012.03.25"]
[Round "6"]
[White "Motin, Jean-Charles"]
[Black "Gaubert, Virginie"]
[Result "0-1"]
[WhiteElo "1620"]
[BlackElo "1719"]
[PlyCount "38"]
[EventDate "2009.04.11"]
[SourceDate "2012.03.25"]

1. d4 Nf6 2. c4 c5 3. d5 d6 4. Nc3 g6 5. Nf3 Bg7 6. e4 Nbd7 7. Bd3 O-O 8. O-O
Ng4 9. Bf4 Nde5 10. Nxe5 Nxe5 11. Be2 Rb8 12. Qd2 Re8 13. Bh6 Bh8 14. f4 Ng4
15. Bxg4 Bxg4 16. f5 Bd4+ 17. Kh1 e6 18. h3 exf5 19. hxg4 Qh4# 0-1

[Event "Epernay/Rethel"]
[Site "?"]
[Date "2012.03.25"]
[Round "6"]
[White "Marchal, Ludovic"]
[Black "Bohr, Frederic"]
[Result "0-1"]
[WhiteElo "1630"]
[BlackElo "1450"]
[PlyCount "75"]
[EventDate "2009.04.11"]
[SourceDate "2012.03.25"]

1. c4 Nf6 2. Nc3 g6 3. g3 Bg7 4. Bg2 O-O 5. Nf3 d6 6. O-O Nc6 7. Rb1 e5 8. d3
Qd7 9. b4 a6 10. a4 b6 11. b5 axb5 12. axb5 Ne7 13. Nxe5 dxe5 14. Bxa8 Qd6 15.
Ne4 Nxe4 16. Bxe4 f5 17. Bg2 f4 18. Qb3 fxg3 19. hxg3 Nf5 20. c5+ Qe6 21. Bd5
Nd4 22. Bxe6+ Bxe6 23. Qd1 bxc5 24. Be3 Rf5 25. Bxd4 cxd4 26. e4 Rf8 27. b6
cxb6 28. Rxb6 Bd7 29. Qb3+ Rf7 30. Rb7 Be8 31. Rxf7 Bxf7 32. Qb8+ Bf8 33. Ra1
h5 34. Ra8 Kg7 35. Qxf8+ Kf6 36. Qh8+ Kg5 37. Qxe5+ Kg4 38. Qf4+ 0-1

[Event "Epernay/Rethel"]
[Site "?"]
[Date "2012.03.25"]
[Round "6"]
[White "Beltrame, Anika"]
[Black "Robert, Guillaume"]
[Result "0-1"]
[WhiteElo "1499"]
[BlackElo "1510"]
[PlyCount "39"]
[EventDate "2009.04.11"]
[SourceDate "2012.03.25"]

1. d4 d6 2. Nf3 c6 3. e4 e5 4. dxe5 Bg4 5. Nc3 Bxf3 6. gxf3 Qc7 7. exd6 Bxd6 8.
f4 Bxf4 9. Ne2 Bxh2 10. Rxh2 Qxh2 11. Qd3 Nd7 12. Bd2 Qe5 13. O-O-O Ngf6 14.
Ng3 O-O 15. Bh3 g5 16. Be3 g4 17. f3 Qxg3 18. Bxg4 Nxg4 19. fxg4 Ne5 20. Qd4 {
illisible  illisible} 0-1

[Event "Reims/Bogny"]
[Site "?"]
[Date "2012.03.25"]
[Round "6"]
[White "Droit, Vincent"]
[Black "Leghbali, Sophiane"]
[Result "1/2-1/2"]
[WhiteElo "2022"]
[BlackElo "1897"]
[PlyCount "39"]
[EventDate "2009.04.11"]
[SourceDate "2012.03.25"]

1. Nc3 Nf6 2. e4 e5 3. g3 c6 4. Bg2 d6 5. Nge2 Be7 6. O-O h5 7. h3 h4 8. g4
Nxg4 9. hxg4 Bxg4 10. Kh2 g5 11. d4 exd4 12. Qxd4 Bf6 13. Qd3 Nd7 14. f4 gxf4
15. Bxf4 Ne5 16. Qd2 Nc4 17. Qd3 Ne5 18. Qd2 Nc4 19. Qd3 Ne5 20. Qd2 1/2-1/2

[Event "Reims/Bogny"]
[Site "?"]
[Date "2012.03.25"]
[Round "6"]
[White "Guyon, Cyndie"]
[Black "Djellouli, Hassine"]
[Result "0-1"]
[WhiteElo "1912"]
[BlackElo "1854"]
[PlyCount "86"]
[EventDate "2009.04.11"]
[SourceDate "2012.03.25"]

1. d4 Nf6 2. Bg5 h6 3. Bxf6 gxf6 4. e3 Rg8 5. Nc3 d5 6. h3 c6 7. Nge2 Qc7 8.
Ng3 Rxg3 9. fxg3 Qxg3+ 10. Kd2 e5 11. Qf3 Qg5 12. h4 Qg7 13. g3 Bg4 14. Qf2 Nd7
15. Be2 Be6 16. Rad1 O-O-O 17. Kc1 Bd6 18. Rhg1 h5 19. Kb1 Rh8 20. Rg2 f5 21.
Rdg1 Nf6 22. Bf1 Ne4 23. Nxe4 fxe4 24. c3 exd4 25. cxd4 Kb8 26. Qc2 Rc8 27. Qb3
c5 28. Rd2 cxd4 29. Rxd4 Rc6 30. Qa4 Bc5 31. Bb5 Rb6 32. Rc1 Bxd4 33. exd4 Qxg3
34. Bd7 a6 35. Bxe6 fxe6 36. a3 Qd3+ 37. Ka1 Qb3 38. Qe8+ Ka7 39. Rb1 Qf3 40.
Qh8 e3 41. Qe5 Qf2 42. Ka2 Qd2 43. Qxh5 e2 0-1

[Event "Reims/Bogny"]
[Site "?"]
[Date "2012.03.25"]
[Round "6"]
[White "Garcia, Gilles"]
[Black "Flamant, Jacky"]
[Result "1-0"]
[WhiteElo "1935"]
[BlackElo "1775"]
[PlyCount "69"]
[EventDate "2009.04.11"]
[SourceDate "2012.03.25"]

1. d4 Nf6 2. Nc3 d5 3. e4 e6 4. Bg5 Be7 5. e5 Nfd7 6. h4 c5 7. Bxe7 Qxe7 8. Nb5
Kd8 9. Nd6 Nc6 10. c3 f6 11. f4 fxe5 12. dxe5 Rf8 13. g3 c4 14. Ne2 Nc5 15. Nd4
Bd7 16. b4 cxb3 17. axb3 Nxd4 18. Qxd4 Nxb3 19. Qb4 Nxa1 20. Nxb7+ Ke8 21. Nd6+
Qxd6 22. Qxd6 Rc8 23. Kd2 Nb3+ 24. Kc2 Nd4+ 25. Kb1 Nf5 26. Qa3 Rb8+ 27. Kc1
Rb7 28. Ba6 Rc7 29. Qa5 Kd8 30. Rg1 Rf7 31. Kd2 Bc6 32. Rb1 Nxg3 33. Rb8+ Kd7
34. Bd3 Rxf4 35. Qc5 1-0

[Event "Reims/Bogny"]
[Site "?"]
[Date "2012.03.25"]
[Round "6"]
[White "Alcidi, Valentin"]
[Black "Zeroual, Mohamed"]
[Result "1/2-1/2"]
[WhiteElo "1815"]
[BlackElo "1929"]
[PlyCount "66"]
[EventDate "2009.04.11"]
[SourceDate "2012.03.25"]

1. d4 Nf6 2. c4 g6 3. Nc3 Bg7 4. Nf3 d6 5. Bg5 O-O 6. e3 Na6 7. Be2 c5 8. O-O
Bd7 9. a3 b6 10. Rb1 Nc7 11. b4 Ne6 12. Bh4 Qc7 13. Bxf6 Bxf6 14. Nd5 Qd8 15.
Nxf6+ exf6 16. d5 Ng5 17. Nxg5 fxg5 18. bxc5 bxc5 19. Bg4 f5 20. Be2 Rb8 21.
Qd2 Qc7 22. Qc3 Kf7 23. Bd3 Rxb1 24. Rxb1 Rb8 25. Rb2 Rxb2 26. Qxb2 Qd8 27. Qb7
a5 28. Bc2 Kf6 29. Qb2+ Kf7 30. Qb7 Qe7 31. Qc7 a4 32. g3 h5 33. Qa7 Be8
1/2-1/2

[Event "Reims/Bogny"]
[Site "?"]
[Date "2012.03.25"]
[Round "6"]
[White "Samakar, Siavosh"]
[Black "Charbau, Yanick"]
[Result "0-1"]
[WhiteElo "1870"]
[BlackElo "1780"]
[PlyCount "46"]
[EventDate "2009.04.11"]
[SourceDate "2012.03.25"]

1. Nf3 c5 2. c4 Nc6 3. Nc3 e6 4. g3 Nf6 5. Bg2 Be7 6. O-O O-O 7. a3 d6 8. d4
cxd4 9. Nxd4 Bd7 10. Ndb5 Qb8 11. Bf4 Ne8 12. Ne4 e5 13. Bg5 Bxg5 14. Nxg5 Ne7
15. Nc3 h6 16. Nge4 Bc6 17. Nb5 Bxb5 18. cxb5 Qd8 19. Nc3 Rb8 20. Qa4 Qb6 21.
Rac1 Nc7 22. Rfd1 Rfd8 23. Qb4 a5 {sonnerie telephone} 0-1

[Event "Reims/Bogny"]
[Site "?"]
[Date "2012.03.25"]
[Round "6"]
[White "Renard, Luc"]
[Black "Brajon, Eric"]
[Result "0-1"]
[WhiteElo "1786"]
[BlackElo "1940"]
[PlyCount "46"]
[EventDate "2009.04.11"]
[SourceDate "2012.03.25"]

1. d4 g6 2. Nf3 d6 3. Nc3 Bg7 4. e4 Nd7 5. Be3 Ngf6 6. Qd2 Ng4 7. Bg5 f6 8. Bh4
c5 9. h3 cxd4 10. Nxd4 Bh6 11. f4 Nge5 12. Nd5 Nc5 13. Bb5+ Bd7 14. Qe2 Nc6 15.
c3 Nxd4 16. Bxd7+ Nxd7 17. cxd4 e6 18. Nxf6+ Nxf6 19. e5 Qa5+ 20. Kf1 Nd5 21.
g3 Qb6 22. exd6 Qxd6 23. f5 Ne3+ 0-1

[Event "Reims/Bogny"]
[Site "?"]
[Date "2012.03.25"]
[Round "6"]
[White "Barnier, Christophe"]
[Black "Waczecka, Jerome"]
[Result "1/2-1/2"]
[WhiteElo "1866"]
[BlackElo "1721"]
[PlyCount "90"]
[EventDate "2009.04.11"]
[SourceDate "2012.03.25"]

1. d4 e6 2. Nf3 b6 3. Bf4 Bb7 4. Nbd2 Nf6 5. h3 c5 6. e3 Nc6 7. c3 d5 8. Qa4
Bd6 9. Ne5 Bxe5 10. Bxe5 O-O 11. Bh2 cxd4 12. exd4 Ne4 13. Nf3 Rc8 14. Bd3 Qd7
15. O-O Ne5 16. Qxd7 Nxd7 17. Bb5 Ndf6 18. a4 a6 19. Bd3 Ne8 20. Ne5 N8f6 21.
f3 Nd2 22. Rf2 Nc4 23. Nxc4 dxc4 24. Bc2 Nd5 25. Re2 g5 26. Re5 h6 27. Rae1 b5
28. h4 gxh4 29. Rh5 Kg7 30. Rxh4 Rfe8 31. Rg4+ Kf6 32. Be5+ Ke7 33. Rg7 Rg8 34.
Rh7 b4 35. Be4 Bc6 36. Rc1 Bxa4 37. Bxd5 exd5 38. Rxh6 Rg6 39. Rxg6 fxg6 40.
Kf2 Ra8 41. Ra1 Bd7 42. Ra5 Bb5 43. g4 Ke6 44. f4 Ra7 45. Kg3 Rh7 1/2-1/2

[Event "Reims/Bogny"]
[Site "?"]
[Date "2012.03.25"]
[Round "6"]
[White "Husson, Christophe"]
[Black "Brajon, Victoria"]
[Result "1-0"]
[WhiteElo "1690"]
[BlackElo "1447"]
[PlyCount "53"]
[EventDate "2009.04.11"]
[SourceDate "2012.03.25"]

1. e4 e5 2. Nf3 Nc6 3. d4 d6 4. Bb5 Bd7 5. O-O Qe7 6. Nc3 O-O-O 7. d5 Nb8 8.
Be3 a6 9. Bd3 f6 10. b4 g5 11. b5 a5 12. b6 c6 13. Qd2 Qe8 14. Rfb1 h5 15. dxc6
Bxc6 16. Nd5 h4 17. Qxa5 Rd7 18. Nb4 Rg7 19. Nxc6 Nxc6 20. Qa8+ Nb8 21. Rb3 Ne7
22. Rc3+ Nec6 23. Bb5 Rhh7 24. Rxc6+ bxc6 25. Ba6+ Rb7 26. Bxb7+ Rxb7 27. a4
1-0